Songs with Love in the Title - Statistics

General Stats
  • This quiz has been taken 18,859 times
  • The average score is 11 of 22
Answer Stats
Year Song Musical Act % Correct
1992 I Will Always Love You Whitney Houston
92%
1967 All You Need is Love The Beatles
80%
1956 Love Me Tender Elvis Presley
75%
1986 You Give Love a Bad Name Bon Jovi
67%
1984 What's Love Got To Do With It Tina Turner
63%
1989 Love Shack The B-52's
58%
1974 I Will Always Love You Dolly Parton
56%
1979 Crazy Little Thing Called Love Queen
55%
1984 I Just Called to Say I Love You Stevie Wonder
52%
2008 Love Story Taylor Swift
52%
2011 We Found Love Rihanna
51%
1965 Stop! In The Name of Love The Supremes
46%
1981 Tainted Love Soft Cell
45%
1969 Whole Lotta Love Led Zeppelin
42%
1992 Friday I'm In Love The Cure
40%
1995 California Love 2Pac
36%
2009 LoveGame Lady Gaga
33%
1968 Sunshine of Your Love Cream
31%
1996 Love Fool The Cardigans
28%
1967 Love Me Two Times The Doors
27%
1975 Baby, I Love Your Way Peter Frampton
22%
1973 Satellite of Love Lou Reed
11%
No matching quizzes found
Score Distribution
Percent of People with Each Score
Percentile by Number Answered
Your Score History
You have not taken this quiz